000 00344 a2200157 4500
001 154274
040 _cEscola São Tomás de Aquino
100 _aROSA, João Guimarães
240 1 0 _aSagarana
_lpor
245 1 0 _aSagarana
300 _a413
362 0 _a2001
440 1 _aNova Fronteira
697 _aLITERATURA BRASILEIRA
942 _cBK
999 _c154274
_d154274